Nación y Estado en la España liberal / (Record no. 11536)

MARC details
000 -LEADER
campo de control de longitud fija 01088nam a22003015i 4500
001 - NÚMERO DE CONTROL
campo de control 11536
003 - IDENTIFICADOR DE NÚMERO DE CONTROL
campo de control ES-MaACL
005 - FECHA Y HORA DE LA ÚLTIMA TRANSACCIÓN
campo de control 20250721063427.0
007 - CAMPO FIJO DE DESCRIPCIÓN FÍSICA--INFORMACIÓN GENERAL
campo de control de longitud fija t|
008 - DATOS DE LONGITUD FIJA--INFORMACIÓN GENERAL
campo de control de longitud fija 950906s1994 sp ||||0| spa d
020 ## - NÚMERO INTERNACIONAL ESTÁNDAR DEL LIBRO
Número Internacional Estándar del Libro 84-87462-08-1
040 ## - FUENTE DE CATALOGACIÓN
Centro catalogador/agencia de origen M-BN
Lengua de catalogación spa
Centro/agencia transcriptor M-BN
080 ## - NÚMERO DE LA CLASIFICACIÓN DECIMAL UNIVERSAL
Número de la Clasificación Decimal Universal 946.0"18"
080 ## - NÚMERO DE LA CLASIFICACIÓN DECIMAL UNIVERSAL
Número de la Clasificación Decimal Universal 321.01(460)"18"
245 00 - MENCIÓN DEL TÍTULO
Título Nación y Estado en la España liberal /
Mención de responsabilidad, etc. Miguel Artola ... [et al.] ; Guillermo Gortázar, editor.
260 ## - PUBLICACIÓN, DISTRIBUCIÓN, ETC.
Lugar de publicación, distribución, etc. [Madrid] :
Nombre del editor, distribuidor, etc. Nóesis,
Fecha de publicación, distribución, etc. [1994]
300 ## - DESCRIPCIÓN FÍSICA
Extensión 320 páginas ;
Dimensiones 21 cm.
500 ## - NOTA GENERAL
Nota general Conferencias pronunciadas en el ciclo titulado "Nación y Estado en la España liberal", Madrid, Fundación Ortega y Gasset, mayo y julio de 1993
504 ## - NOTA DE BIBLIOGRAFÍA, ETC.
Nota de bibliografía, etc. Bibliografía.
650 #4 - PUNTO DE ACCESO ADICIONAL DE MATERIA--TÉRMINO DE MATERIA
Término de materia o nombre geográfico como elemento de entrada Estado-
Subdivisión geográfica España-
Subdivisión cronológica S.XIX
9 (RLIN) 12524
651 #4 - PUNTO DE ACCESO ADICIONAL DE MATERIA--NOMBRE GEOGRÁFICO
Nombre geográfico España-
Subdivisión general Historia-
Subdivisión cronológica S.XIX
9 (RLIN) 142005
700 1# - ENTRADA AGREGADA--NOMBRE PERSONAL
Nombre de persona Artola, Miguel,
Fechas asociadas al nombre 1923-2020
Término indicativo de función/relación Autor
9 (RLIN) 23497
700 1# - ENTRADA AGREGADA--NOMBRE PERSONAL
Nombre de persona Gortázar, Guillermo,
Fechas asociadas al nombre 1951-
Término indicativo de función/relación Editor literario
9 (RLIN) 176485
852 ## - LOCALIZACIÓN
Ubicación ES-MaACL
Sublocalización o colección R.124620
Ubicación en estantería Depósito 2
Número de control de estantería L-18859
942 ## - ELEMENTOS DE ENTRADA SECUNDARIOS (KOHA)
Fuente del sistema de clasificación o colocación Clasificación decimal universal
Tipo de ítem Koha Libro impreso
Suprimir en OPAC No
Holdings
Estatus retirado Estado de pérdida Estado de daño No para préstamo Biblioteca de origen Biblioteca actual Ubicación en estantería Fecha de adquisición Fuente de adquisición Total de préstamos Signatura topográfica completa Código de barras Visto por última vez Precio de reemplazo Tipo de ítem Koha
        Biblioteca del Ateneo de Madrid Biblioteca del Ateneo de Madrid Depósito 2 17/01/2008     L-18859 1011759 23/02/2023 23/02/2023 Libro impreso